| 000 | 00477nam a2200169Ia 4500 | ||
|---|---|---|---|
| 999 |
_c12087 _d12087 |
||
| 003 | OSt | ||
| 005 | 20201005125841.0 | ||
| 008 | 190216s9999||||xx |||||||||||||| ||und|| | ||
| 040 | _coclc | ||
| 082 |
_a823.912 _bHOU/W |
||
| 100 |
_aHousehold, Geoffrey _95050 |
||
| 245 | 0 |
_aWatcher In The Shadows / _cGeoffrey Household |
|
| 260 |
_bLongmans, _c1960. _aLondon: |
||
| 300 | _a171p | ||
| 650 | _aNovel | ||
| 942 |
_cBK _2ddc _h823.912 _iHOU/W _k823.912 _mHOU/W |
||